Normal view
MARC view
Entry Personal Name
001 - CONTROL NUMBER
- control field: 18584
003 - CONTROL NUMBER IDENTIFIER
- control field: ARRUPE
005 - DATE AND TIME OF LATEST TRANSACTION
- control field: 20150812123438.0
008 - FIXED-LENGTH DATA ELEMENTS
- fixed length control field: 150812|| aca||aabn | a|a d
040 ## - CATALOGING SOURCE
- Original cataloging agency: ARRUPE
- Transcribing agency: ARRUPE
100 ## - HEADING--PERSONAL NAME
- Personal name: Zimbabwe, Department of Meteorological Services
670 ## - SOURCE DATA FOUND
- Source citation: Work cat.: (ARRUPE): Zimbabwe, Department of Meteorological Services, Zimbabwe's National Climate Change Response Strategy, 2015